Rosa Juventus Campione d'Italia 2014-15 - Statistics

Statistiche generali
  • Questo quiz è stato fatto 194 volte
  • Il punteggio medio è 20 su 31
Statistiche sulle risposte
Numero Ruolo Giocatore Nazionalità % Corretto
1 POR Gianluigi Buffon Italia
100%
3 DIF Giorgio Chiellini Italia
99%
19 DIF Leonardo Bonucci Italia
97%
15 DIF Andrea Barzagli Italia
96%
21 CEN Andrea Pirlo Italia
96%
8 CEN Claudio Marchisio Italia
96%
10 ATT Carlos Tévez Argentina
94%
6 CEN Paul Pogba Francia
94%
9 ATT Álvaro Morata Spagna
93%
23 CEN Arturo Vidal Cile
93%
26 DIF Stephan Lichtsteiner Svizzera
88%
4 DIF Martín Cáceres Uruguay
84%
14 ATT Fernando Llorente Spagna
83%
22 CEN Kwadwo Asamoah Ghana
82%
30 POR Marco Storari Italia
69%
33 DIF Patrice Evra Francia
63%
32 ATT Alessandro Matri Italia
57%
11 ATT Kingsley Coman Francia
57%
7 CEN Simone Pepe Italia
55%
37 CEN Roberto Pereyra Argentina
53%
34 POR Rubinho Brasile
52%
20 CEN Simone Padoin Italia
51%
(12) (ATT) (Sebastian Giovinco) (Italia)
47%
27 CEN Stefano Sturaro Italia
41%
17 DIF Paolo De Ceglie Italia
38%
2 CEN Rômulo Italia / Brasile
37%
5 DIF Angelo Ogbonna Italia
32%
(16) (DIF) (Marco Motta) (Italia)
25%
39 CEN Luca Marrone Italia
22%
(38) (CEN) (Federico Mattiello) (Italia)
12%
24 CEN Mattia Vitale Italia
4%
Nessun quiz corrispondente trovato
Distribuzione punteggi
Percentuale di utenti per punteggio
Percentile per numero di risposta
I tuoi punteggi nel tempo
Non hai fatto questo quiz